| 000 | 01201namaa22003011i 4500 | ||
|---|---|---|---|
| 003 | EG-GICUC | ||
| 005 | 20260513091751.0 | ||
| 008 | 260421s1985 mr ||||jr|||| 001 p ara d | ||
| 017 | _a1985 / 71 | ||
| 040 |
_aEG-GiCUC _bara _cEG-GiCUC _dEG-GiCUC _erda |
||
| 082 | 0 | 4 |
_221 _a811.009 _bA191 |
| 092 | 0 | 4 |
_221 _a811.009 _bA191 |
| 099 | _a811.009 A191 | ||
| 100 | 1 |
_aالعددى، ابن البناء المراكشى _eمؤلف. |
|
| 245 |
_aالروض المريع فى صناعة البديع / _cتأليف ابن البناء المراكشى العددى ؛ تحقيق رضوان بنشقرون |
||
| 264 |
_aمكان النشر غير محدد: _bالناشر غير محدد، _c1985. |
||
| 300 |
_a216 صفحة _b؛ _c24 سم |
||
| 336 |
_2rdacontent _atext |
||
| 337 |
_2rdamedia _aUnmediated |
||
| 338 |
_2rdacarrier _avolume |
||
| 504 | _aيشتمل على ارجاعات ببليوجرافية وكشافات | ||
| 541 |
_aد. جابر عصفور ؛ _bالقاهرة ؛ _cإهداء ؛ _d2024. |
||
| 650 | 1 | 7 |
_aالشعر العربى _xتاريخ ونقد _2qrmak |
| 651 | 1 | _2qrmak | |
| 700 | 1 |
_aبنشقرون، رضوان _eمحقق. |
|
| 905 | _aNermeen | ||
| 942 |
_2ddc _cBK _e21 _n0 |
||
| 999 |
_c179648 _d179648 |
||